00993nmc a2200313 a 4500003000900000005001700009008004100026020001800067040001300085245008100098250001200179260003100191300001100222490002600233504007000259650003300329650002800362650001600390650002000406653002600426653003100452653002800483653003100511700003800542700003100580800002200611800002600633800002000659AR-BaBNM20251128211120.0042120s1999 ||||||||||||||000 | spa|| a950-23-0969-3 cAR-BaBNM10aDe eso no se habla...blos usos de la diversidad sociocultural en la escuela a1ª ed. aBuenos AiresbEudebac19990 a234 p. 0aAntropología social aContiene referencias bibliográficas al final de cada capítulo 4aANTROPOLOGIA DE LA EDUCACION 4aEDUCACION MULTICULTURAL 4aINMIGRANTES 4aROL DEL DOCENTE 0aMARGINACION EDUCATIVA 0aEDUCACION EN LA DIVERSIDAD 0aCONTENIDOS CURRICULARES 0aEDUCACION EN LA DIVERSIDAD1 aNeufeld, María Rosaecompilador1 aThisted, Arielecompilador1 aLischetti, Mirtha1 aNeufeld, María Rosa1 aTrinchero, Hugo